000 00493nam a2200157Ia 4500
008 231221s9999 xx 000 0 und d
020 _a9790000000000
041 _aEnglish
082 _a425 BHA;1 R
100 _aBhaskaran Nair, P. Geetha Rajeevan.
245 0 _aContemplations I : an anthology of prose, poetry, drama and fiction
260 _c2009
_bFoundation Books
_aBangalore
300 _avii, 98
650 _aContemplations,anthology,prose,,poetry,,drama,fiction
942 _cBC
999 _c213138
_d213138